[Event "Sochi Pearl Blitz op"]
[Site "Sochi"]
[Date "2023.10.12"]
[Round "5"]
[White "Oganian, Miran"]
[Black "Popov, Valerij"]
[Result "0-1"]
[WhiteElo "2433"]
[BlackElo "2533"]
[PlyCount "144"]
[EventDate "2023.10.12"]
[EventType "swiss (blitz)"]
[EventRounds "13"]
[EventCountry "RUS"]
[SourceTitle "Mega2024 Update 01"]
[Source "Chessbase"]
[SourceDate "2023.11.12"]
[SourceVersion "1"]
[SourceVersionDate "2023.11.12"]
[SourceQuality "1"]

1. d4 d5 2. c4 e6 3. Nf3 a6 4. Bg5 Nf6 5. cxd5 exd5 6. Qc2 Bd6 7. Nc3 Be6 8. e3 Nbd7 9. Bd3 c6 10. 0-0 h6 11. Bf4 Qb8 12. Bxd6 Qxd6 13. Na4 0-0 14. Rfc1 Rfe8 15. Nc5 Ra7 16. Rab1 Bg4 17. Nd2 a5 18. b3 Rea8 19. a3 Nf8 20. Nf1 Bc8 21. Ng3 Ng4 22. Bf5 Bxf5 23. Qxf5 Nf6 24. h3 Re8 25. Qc2 g6 26. b4 axb4 27. axb4 b5 28. Nd3 Ra6 29. Ne5 Rc8 30. Ne2 N6d7 31. Nd3 Ne6 32. Nef4 Nd8 33. Nc5 Nxc5 34. Qxc5 Qxc5 35. Rxc5 Rca8 36. Nd3 f6 37. Rbc1 Ra1 38. Kf1 R8a3 39. Ke2 Rxc1 40. Rxc1 g5 41. g4 Kf7 42. Nc5 Ra2+ 43. Ke1 Kg6 44. Nd3 h5 45. Rc3 Ra1+ 46. Ke2 h4 47. Kf3 Kf7 48. Kg2 Ke7 49. f4 Ra2+ 50. Kg1 Kd6 51. fxg5 fxg5 52. Ne5 Rb2 53. Nf3 Nf7 54. Ra3 Rxb4 55. Ra7 Ke6 56. Rc7 Rc4 57. Ne1 Rc3 58. Kf2 b4 59. Ke2 Nd6 60. Nd3 Ne4 61. Ne5 c5 62. Rc6+ Ke7 63. dxc5 Rxc5 64. Rb6 Rc2+ 65. Ke1 Rh2 66. Rxb4 Rxh3 67. Ke2 Rh2+ 68. Ke1 h3 69. Rb6 Rh1+ 70. Ke2 h2 71. Rh6 Ra1 72. Kd3 h1Q 0-1

[Event "Titled Tuesday intern op 30th May Late"]
[Site "Chess.com INT"]
[Date "2023.05.30"]
[Round "1"]
[White "Kouskoutis, Georgios Alexandros"]
[Black "Oganian, Miran"]
[Result "1-0"]
[WhiteElo "2276"]
[BlackElo "2439"]
[PlyCount "81"]
[EventDate "2023.05.30"]
[EventType "swiss (blitz)"]
[EventRounds "11"]
[EventCountry "USA"]
[SourceTitle "CBM 214 Extra"]
[Source "ChessBase"]
[SourceDate "2023.07.31"]
[SourceVersion "1"]
[SourceVersionDate "2023.07.31"]
[SourceQuality "1"]

1. Nf3 Nf6 2. g3 g6 3. Bg2 Bg7 4. 0-0 0-0 5. c4 e6 6. Nc3 d5 7. cxd5 exd5 8. d4 c6 9. Bf4 Nbd7 10. Ne5 Re8 11. Rc1 Nxe5 12. Bxe5 Bf5 13. Qb3 Qd7 14. Na4 Ne4 15. Bxg7 Kxg7 16. Qd1 Bh3 17. Nc5 Nxc5 18. Rxc5 Bxg2 19. Kxg2 Re4 20. e3 Rae8 21. b4 h5 22. h4 Rg4 23. a4 Qe7 24. f3 Rxg3+ 25. Kxg3 Qxe3 26. Qc1 Qd3 27. Rd1 Qe2 28. Rc2 Qe6 29. Qf4 Qd7 30. Rcc1 Re2 31. Re1 Ra2 32. b5 Rb2 33. bxc6 bxc6 34. Rc3 Ra2 35. Rce3 Qd8 36. Re7 Qf8 37. Re8 Qb4 38. Qe5+ f6 39. Qe7+ Qxe7 40. R1xe7+ Kh6 41. Rh8# 1-0

[Event "Titled Tuesday intern op 18th Apr Late"]
[Site "Chess.com INT"]
[Date "2023.04.18"]
[Round "4"]
[White "Al Tarbosh, Ward"]
[Black "Oganian, Miran"]
[Result "1-0"]
[WhiteElo "2290"]
[BlackElo "2439"]
[PlyCount "53"]
[EventDate "2023.04.18"]
[EventType "swiss (blitz)"]
[EventRounds "11"]
[EventCountry "USA"]
[SourceTitle "EXT 2024"]
[Source "ChessBase"]
[SourceDate "2023.10.10"]
[SourceVersion "1"]
[SourceVersionDate "2023.10.10"]
[SourceQuality "1"]

1. e4 e6 2. d4 d5 3. exd5 exd5 4. Bd3 Nc6 5. Nf3 Bd6 6. 0-0 Nge7 7. c3 Bg4 8. Re1 Qd7 9. Nbd2 0-0-0 10. b4 Ng6 11. Nb3 Rde8 12. Be3 Nh4 13. Be2 Nf5 14. b5 Nd8 15. Nc5 Bxc5 16. dxc5 Nxe3 17. fxe3 Rxe3 18. c6 Qe7 19. Qd4 Kb8 20. Qxg4 Rxe2 21. Rxe2 Qxe2 22. Qxg7 Qe3+ 23. Kh1 Re8 24. h3 b6 25. Re1 Ne6 26. Qxf7 Rf8 27. Qxf8+ 1-0

[Event "Titled Tuesday intern op 7th Mar Late"]
[Site "Chess.com INT"]
[Date "2023.03.07"]
[Round "5"]
[White "Gubajdullin, Alexey"]
[Black "Oganian, Miran"]
[Result "1-0"]
[WhiteElo "2300"]
[BlackElo "2439"]
[PlyCount "61"]
[EventDate "2023.03.07"]
[EventType "swiss (blitz)"]
[EventRounds "11"]
[EventCountry "USA"]
[SourceTitle "EXT 2024"]
[Source "ChessBase"]
[SourceDate "2023.10.10"]
[SourceVersion "1"]
[SourceVersionDate "2023.10.10"]
[SourceQuality "1"]

1. d4 e6 2. Nf3 d5 3. Bf4 g6 4. e3 Bg7 5. Be2 Nf6 6. h3 0-0 7. 0-0 b6 8. c3 Bb7 9. a4 a5 10. Na3 Nbd7 11. Nb5 Rc8 12. b4 axb4 13. cxb4 Ba6 14. a5 Bxb5 15. Bxb5 c6 16. Ba6 Ra8 17. Bb7 Ra7 18. Bxc6 bxa5 19. Bd6 Re8 20. Ne5 Nb8 21. Bxe8 Qxd6 22. Bb5 Qxb4 23. Qb1 Qd6 24. Rc1 Bh6 25. Rc8+ Kg7 26. Qc2 Na6 27. Bxa6 Qxa6 28. Qc5 Ne4 29. Qf8+ Kf6 30. Ng4+ Kf5 31. Qxh6 1-0

[Event "Titled Tuesday intern op 14th Feb Late"]
[Site "Chess.com INT"]
[Date "2023.02.14"]
[Round "3"]
[White "Yoo, Christopher Woojin"]
[Black "Oganian, Miran"]
[Result "1-0"]
[WhiteElo "2589"]
[BlackElo "2439"]
[PlyCount "93"]
[EventDate "2023.02.14"]
[EventType "swiss (blitz)"]
[EventRounds "11"]
[EventCountry "USA"]
[SourceTitle "CBM 212 Extra"]
[Source "ChessBase"]
[SourceDate "2023.03.31"]
[SourceVersion "1"]
[SourceVersionDate "2023.03.31"]
[SourceQuality "1"]

1. e4 e6 2. d4 d5 3. Nc3 Nf6 4. Bg5 Be7 5. e5 Nfd7 6. h4 a6 7. Qg4 h5 8. Qg3 g6 9. 0-0-0 Nc6 10. Nf3 Nb6 11. Bd3 Bd7 12. Kb1 Nb4 13. a3 Nxd3 14. Rxd3 Bb5 15. Rdd1 Qd7 16. Bxe7 Qxe7 17. Rh3 0-0-0 18. Qf4 Nc4 19. Ng5 Be8 20. Rf3 Kb8 21. Qf6 Qxf6 22. Rxf6 Rd7 23. Nf3 b6 24. Ka2 c5 25. b3 Na5 26. dxc5 bxc5 27. Rf4 Rc7 28. Ng5 Rg8 29. Nh7 Rg7 30. Nf6 Bc6 31. g4 hxg4 32. Rxg4 d4 33. h5 g5 34. h6 Rg6 35. h7 Rc8 36. Nce4 Bxe4 37. Nxe4 Rh8 38. Nxc5 Rxh7 39. Rgxd4 Rh2 40. Rd8+ Kc7 41. R1d7+ Kc6 42. Rc8+ Kb6 43. Rd6+ Kb5 44. a4+ Kb4 45. Rd4+ Kc3 46. Nxe6+ Nc4 47. Rcxc4# 1-0

[Event "Titled Tuesday intern op 07th Feb Late"]
[Site "Chess.com INT"]
[Date "2023.02.07"]
[Round "3"]
[White "Oganian, Miran"]
[Black "Martinez Alcantara, Jose Eduardo"]
[Result "1/2-1/2"]
[WhiteElo "2439"]
[BlackElo "2607"]
[PlyCount "65"]
[EventDate "2023.02.07"]
[EventType "swiss (blitz)"]
[EventRounds "11"]
[EventCountry "USA"]
[SourceTitle "EXT 2024"]
[Source "ChessBase"]
[SourceDate "2023.10.10"]
[SourceVersion "1"]
[SourceVersionDate "2023.10.10"]
[SourceQuality "1"]

1. e4 e5 2. Nf3 Nf6 3. Nc3 Nc6 4. d4 exd4 5. Nxd4 Bb4 6. Nxc6 bxc6 7. Bd3 0-0 8. 0-0 Re8 9. h3 h6 10. Qf3 d6 11. Bf4 Nd7 12. Qg3 Qf6 13. Rad1 Bxc3 14. bxc3 Nc5 15. Rfe1 Nxd3 16. cxd3 Qg6 17. Qxg6 fxg6 18. Rb1 g5 19. Bg3 a5 20. e5 d5 21. d4 Ba6 22. e6 Re7 23. Re3 Rae8 24. Rbe1 Bc8 25. a3 Bxe6 26. Bxc7 Rxc7 27. Rxe6 Rxe6 28. Rxe6 Kf7 29. Rd6 Ke7 30. Rg6 Kf7 31. Rd6 Ke7 32. Rg6 Kf7 33. Rd6 1/2-1/2

[Event "Titled Tuesday intern op 07th Feb Late"]
[Site "Chess.com INT"]
[Date "2023.02.07"]
[Round "10"]
[White "Oganian, Miran"]
[Black "Melkumyan, Hrant"]
[Result "1-0"]
[WhiteElo "2439"]
[BlackElo "2645"]
[PlyCount "93"]
[EventDate "2023.02.07"]
[EventType "swiss (blitz)"]
[EventRounds "11"]
[EventCountry "USA"]
[SourceTitle "EXT 2024"]
[Source "ChessBase"]
[SourceDate "2023.10.10"]
[SourceVersion "1"]
[SourceVersionDate "2023.10.10"]
[SourceQuality "1"]

1. e4 c5 2. Nf3 Nc6 3. c3 e6 4. d4 d5 5. exd5 exd5 6. Bb5 Bd6 7. 0-0 Nge7 8. Nbd2 cxd4 9. Nxd4 0-0 10. N2f3 Bg4 11. Be2 Re8 12. Re1 a6 13. Bg5 Qb6 14. Nb3 h6 15. Bh4 Nf5 16. Bg3 Bxg3 17. hxg3 Nxg3 18. Bd3 Rxe1+ 19. Qxe1 Bxf3 20. gxf3 Nh5 21. Qe3 Qc7 22. Kh1 Nf4 23. Rg1 Qd6 24. Bc2 g5 25. Nc5 d4 26. Qe4 Qxc5 27. Qh7+ Kf8 28. Qh8+ Ke7 29. Qxa8 d3 30. Qxb7+ Kf8 31. Qc8+ Kg7 32. Ba4 Qxf2 33. Qg4 Qe3 34. Bxc6 d2 35. Ba4 Nd3 36. Rg2 Nf4 37. Rg1 Qb6 38. Bb3 Qf2 39. Qg3 Qe3 40. Qg4 f5 41. Qg3 Kg6 42. a4 Kf6 43. a5 Qd3 44. Bd1 Qe3 45. b4 Qxc3 46. b5 Qxa5 47. Qf2 1-0

[Event "Titled Tuesday intern op 31st Jan Early"]
[Site "Chess.com INT"]
[Date "2023.01.31"]
[Round "2"]
[White "Borrmann, Laurenz"]
[Black "Oganian, Miran"]
[Result "1-0"]
[WhiteElo "2315"]
[BlackElo "2439"]
[PlyCount "137"]
[EventDate "2023.01.31"]
[EventType "swiss (blitz)"]
[EventRounds "11"]
[EventCountry "USA"]
[SourceTitle "CBM 212 Extra"]
[Source "ChessBase"]
[SourceDate "2023.03.31"]
[SourceVersion "1"]
[SourceVersionDate "2023.03.31"]
[SourceQuality "1"]

1. d4 e6 2. c4 d5 3. Nf3 a6 4. cxd5 exd5 5. Nc3 Nf6 6. Bg5 c6 7. e3 Be7 8. Bd3 Nbd7 9. Qc2 0-0 10. 0-0 Re8 11. Ne5 Nf8 12. Rad1 Ng4 13. Bxe7 Rxe7 14. Nxg4 Bxg4 15. Rde1 Bh5 16. b4 Bg6 17. Na4 a5 18. Bxg6 hxg6 19. a3 axb4 20. axb4 Qd6 21. Nb6 Rae8 22. Rb1 Ne6 23. b5 c5 24. dxc5 Nxc5 25. Rfc1 Qxb6 26. Qxc5 Qe6 27. Rd1 Rd7 28. Rd4 b6 29. Qb4 Rc8 30. Rbd1 Rc4 31. Rxc4 dxc4 32. Rxd7 Qxd7 33. Qxc4 Qd1+ 34. Qf1 Qb3 35. g3 g5 36. Qe2 f5 37. h3 Kh7 38. Qh5+ Kg8 39. Qe8+ Kh7 40. Qc6 g4 41. hxg4 fxg4 42. Kg2 Qb1 43. e4 Qd3 44. e5 Qe2 45. Qd5 Kg6 46. Qe6+ Kh7 47. Qf5+ g6 48. Qf7+ Kh8 49. Qf4 Qxb5 50. Qh6+ Kg8 51. Qxg6+ Kf8 52. Qf6+ Ke8 53. Qe6+ Kd8 54. Qd6+ Ke8 55. e6 Qa4 56. Qxb6 Qe4+ 57. Kf1 Ke7 58. Qe3 Qb1+ 59. Kg2 Qb7+ 60. Kh2 Qb4 61. Qe5 Qd2 62. Kg2 Qd1 63. Qf5 Qe2 64. Qf7+ Kd6 65. e7 Qe4+ 66. Kf1 Qb1+ 67. Ke2 Qc2+ 68. Ke3 Qc3+ 69. Kf4 1-0

[Event "Titled Tuesday intern op 31st Jan Late"]
[Site "Chess.com INT"]
[Date "2023.01.31"]
[Round "2"]
[White "Oganian, Miran"]
[Black "Kohler, Aran"]
[Result "1-0"]
[WhiteElo "2439"]
[BlackElo "2010"]
[PlyCount "95"]
[EventDate "2023.01.31"]
[EventType "swiss (blitz)"]
[EventRounds "11"]
[EventCountry "USA"]
[SourceTitle "CBM 212 Extra"]
[Source "ChessBase"]
[SourceDate "2023.03.31"]
[SourceVersion "1"]
[SourceVersionDate "2023.03.31"]
[SourceQuality "1"]

1. e4 c6 2. d4 d5 3. f3 Na6 4. Nc3 Nc7 5. Be3 e6 6. Bd3 Nf6 7. Nge2 Be7 8. 0-0 b6 9. Kh1 Bb7 10. e5 Nd7 11. f4 g6 12. g4 f5 13. exf6 Bxf6 14. f5 gxf5 15. gxf5 e5 16. Nf4 Qe7 17. Ne6 Nxe6 18. fxe6 Nf8 19. dxe5 d4 20. exf6 Qxe6 21. Qh5+ Kd8 22. Be4 dxe3 23. Rad1+ Kc7 24. Qg5 Ng6 25. f7 Raf8 26. Rf6 Qe7 27. Rxg6 Qxg5 28. Rxg5 Rxf7 29. Re1 Re8 30. Rxe3 c5 31. Kg2 Rfe7 32. Rg4 a6 33. a4 h5 34. Rf4 b5 35. axb5 axb5 36. Kf2 b4 37. Bxb7 Kxb7 38. Rxe7+ Rxe7 39. Ne4 Rc7 40. Rf5 Kb6 41. Rxh5 c4 42. h4 Rf7+ 43. Ke3 Re7 44. Rh6+ Kb5 45. h5 Ka4 46. Rg6 c3 47. bxc3 bxc3 48. h6 1-0

[Event "Titled Tuesday intern op 31st Jan Late"]
[Site "Chess.com INT"]
[Date "2023.01.31"]
[Round "5"]
[White "Oganian, Miran"]
[Black "Makhnev, Denis"]
[Result "1-0"]
[WhiteElo "2439"]
[BlackElo "2483"]
[PlyCount "49"]
[EventDate "2023.01.31"]
[EventType "swiss (blitz)"]
[EventRounds "11"]
[EventCountry "USA"]
[SourceTitle "CBM 212 Extra"]
[Source "ChessBase"]
[SourceDate "2023.03.31"]
[SourceVersion "1"]
[SourceVersionDate "2023.03.31"]
[SourceQuality "1"]

1. e4 c6 2. d4 d5 3. f3 dxe4 4. fxe4 e5 5. Nf3 Be6 6. Nc3 Nd7 7. Be2 Bd6 8. 0-0 Ngf6 9. d5 Bg4 10. Kh1 Bxf3 11. Bxf3 Qe7 12. dxc6 bxc6 13. Bg5 h6 14. Bh4 Rb8 15. Qe2 g5 16. Bf2 Bc5 17. Bxc5 Nxc5 18. Bg4 Rxb2 19. Bf5 0-0 20. h4 Kg7 21. Nd1 Rbb8 22. Ne3 Rh8 23. Rf3 Nh5 24. Bg4 Qb7 25. Bxh5 1-0

[Event "Titled Tuesday intern op 31st Jan Early"]
[Site "Chess.com INT"]
[Date "2023.01.31"]
[Round "3"]
[White "Oganian, Miran"]
[Black "Priasmoro, Novendra"]
[Result "0-1"]
[WhiteElo "2439"]
[BlackElo "2507"]
[PlyCount "86"]
[EventDate "2023.01.31"]
[EventType "swiss (blitz)"]
[EventRounds "11"]
[EventCountry "USA"]
[SourceTitle "CBM 212 Extra"]
[Source "ChessBase"]
[SourceDate "2023.03.31"]
[SourceVersion "1"]
[SourceVersionDate "2023.03.31"]
[SourceQuality "1"]

1. e4 c5 2. Nf3 Nc6 3. c3 d5 4. exd5 Qxd5 5. d4 Nf6 6. Be2 e6 7. 0-0 cxd4 8. Nxd4 Nxd4 9. cxd4 Be7 10. Nc3 Qd8 11. Bf3 0-0 12. Be3 a6 13. Qb3 Rb8 14. Rfd1 Bd6 15. d5 e5 16. Bg5 h6 17. Bh4 g5 18. Bg3 Bf5 19. Re1 Re8 20. Ne4 Nxe4 21. Bxe4 Bxe4 22. Rxe4 f5 23. Rc4 f4 24. h4 fxg3 25. fxg3 e4 26. Rf1 gxh4 27. Rf5 hxg3 28. Qd1 Qh4 29. Rh5 Qf4 30. Rc3 Rf8 31. Rc1 Rbc8 32. Rb1 e3 33. Kh1 Rc2 34. Qd3 Kg7 35. Rg1 Rc4 36. Rh3 Re4 37. Qe2 Rd4 38. b4 Rd2 39. Qh5 e2 40. Rh4 e1Q 41. Rg4+ Kh8 42. Rxf4 Qxg1+ 43. Kxg1 Bxf4 0-1

[Event "Titled Tuesday intern op 24th Jan Late"]
[Site "Chess.com INT"]
[Date "2023.01.24"]
[Round "1"]
[White "Kaganskiy, Gleb"]
[Black "Oganian, Miran"]
[Result "0-1"]
[WhiteElo "2173"]
[BlackElo "2439"]
[PlyCount "76"]
[EventDate "2023.01.24"]
[EventType "swiss (blitz)"]
[EventRounds "11"]
[EventCountry "USA"]
[SourceTitle "EXT 2024"]
[Source "ChessBase"]
[SourceDate "2023.10.10"]
[SourceVersion "1"]
[SourceVersionDate "2023.10.10"]
[SourceQuality "1"]

1. e4 e6 2. d4 d5 3. Nd2 Nf6 4. e5 Nfd7 5. c3 c5 6. Bd3 Nc6 7. Ne2 cxd4 8. cxd4 f6 9. Nf3 g6 10. exf6 Qxf6 11. Bg5 Bb4+ 12. Kf1 Qf7 13. a3 Bd6 14. b4 Nf6 15. b5 Ne7 16. Ne5 Bxe5 17. dxe5 Ng4 18. Nf4 Nxe5 19. Rc1 Bd7 20. Rc7 Rc8 21. Rxc8+ Nxc8 22. h4 h6 23. Qe2 Nxd3 24. Nxd3 hxg5 25. Ne5 Qf4 26. g3 Qe4 27. Qxe4 dxe4 28. Nxg6 Bxb5+ 29. Kg1 Rh6 30. h5 Be2 31. Ne5 Rxh5 32. Rxh5 Bxh5 33. Kf1 Bf3 34. Ke1 Nd6 35. Kd2 Ke7 36. Ke3 b5 37. Nxf3 exf3 38. Kxf3 Nc4 0-1

[Event "Titled Tuesday intern op 24th Jan Late"]
[Site "Chess.com INT"]
[Date "2023.01.24"]
[Round "2"]
[White "Oganian, Miran"]
[Black "Coelho, Ramyres Santana"]
[Result "1-0"]
[WhiteElo "2439"]
[BlackElo "1981"]
[PlyCount "71"]
[EventDate "2023.01.24"]
[EventType "swiss (blitz)"]
[EventRounds "11"]
[EventCountry "USA"]
[SourceTitle "EXT 2024"]
[Source "ChessBase"]
[SourceDate "2023.10.10"]
[SourceVersion "1"]
[SourceVersionDate "2023.10.10"]
[SourceQuality "1"]

1. e4 c5 2. Nf3 d6 3. Bb5+ Nd7 4. d4 a6 5. Bxd7+ Bxd7 6. 0-0 cxd4 7. Qxd4 e5 8. Qd3 Nf6 9. c4 Be7 10. Nc3 0-0 11. Bg5 h6 12. Bxf6 Bxf6 13. Rfd1 Be6 14. Nd5 Bxd5 15. Qxd5 Be7 16. b3 Qc7 17. Nd2 Qc6 18. Nf1 Qxd5 19. Rxd5 Rfc8 20. Ne3 b5 21. cxb5 axb5 22. Rxb5 Bg5 23. Nc4 Ra6 24. a4 g6 25. g3 f5 26. exf5 gxf5 27. Rd1 Be7 28. Rb7 Bf8 29. Rd5 Rac6 30. a5 Rc5 31. Rxc5 Rxc5 32. a6 d5 33. a7 dxc4 34. a8Q c3 35. Qe8 Rc7 36. Rxc7 1-0

[Event "Titled Tuesday intern op 24th Jan Late"]
[Site "Chess.com INT"]
[Date "2023.01.24"]
[Round "5"]
[White "Oganian, Miran"]
[Black "Paravyan, David"]
[Result "1-0"]
[WhiteElo "2439"]
[BlackElo "2586"]
[PlyCount "69"]
[EventDate "2023.01.24"]
[EventType "swiss (blitz)"]
[EventRounds "11"]
[EventCountry "USA"]
[SourceTitle "EXT 2024"]
[Source "ChessBase"]
[SourceDate "2023.10.10"]
[SourceVersion "1"]
[SourceVersionDate "2023.10.10"]
[SourceQuality "1"]

1. e4 e5 2. Nf3 Nf6 3. Nc3 Nc6 4. d4 exd4 5. Nxd4 Nxe4 6. Nxe4 Qe7 7. f3 d5 8. Bb5 Bd7 9. Bxc6 bxc6 10. 0-0 dxe4 11. Re1 0-0-0 12. Qe2 Qb4 13. c3 Qb7 14. fxe4 Bc5 15. Kh1 Rhe8 16. Bf4 h6 17. b4 Bxd4 18. cxd4 f5 19. Be5 fxe4 20. Qxe4 Re7 21. Rac1 Rde8 22. h3 Qa6 23. Rc5 Qb6 24. b5 Re6 25. Rec1 R8e7 26. bxc6 Be8 27. Qe2 Bxc6 28. Qc2 Kd7 29. d5 Rxe5 30. dxc6+ Kc8 31. Rxe5 Rxe5 32. Qd3 Re7 33. Qf5+ Kd8 34. Qf8+ Re8 35. Rd1+ 1-0

[Event "Titled Tuesday intern op 24th Jan Late"]
[Site "Chess.com INT"]
[Date "2023.01.24"]
[Round "3"]
[White "Pap, Gyula"]
[Black "Oganian, Miran"]
[Result "0-1"]
[WhiteElo "2429"]
[BlackElo "2439"]
[PlyCount "68"]
[EventDate "2023.01.24"]
[EventType "swiss (blitz)"]
[EventRounds "11"]
[EventCountry "USA"]
[SourceTitle "EXT 2024"]
[Source "ChessBase"]
[SourceDate "2023.10.10"]
[SourceVersion "1"]
[SourceVersionDate "2023.10.10"]
[SourceQuality "1"]

1. e4 e6 2. d4 d5 3. Nd2 Nf6 4. Bd3 Nc6 5. Ngf3 Nb4 6. e5 Nxd3+ 7. cxd3 Nd7 8. 0-0 Be7 9. Re1 b6 10. Nf1 0-0 11. Ng3 f6 12. exf6 Nxf6 13. Bg5 h6 14. Bxf6 Bxf6 15. Rc1 c5 16. dxc5 bxc5 17. Rxc5 Bxb2 18. d4 Ba3 19. Rb5 Bd7 20. Rb1 Bd6 21. Ne5 Bxe5 22. Rxe5 Qf6 23. Qd2 Rac8 24. Nh5 Qg6 25. Rf1 Rc2 26. Qe3 Bb5 27. Re1 Rfxf2 28. Qxf2 Rxf2 29. Kxf2 Qg4 30. h3 Qxd4+ 31. Kg3 Bd3 32. Rxe6 Be4 33. Re7 Qc3+ 34. Kf2 Qc5+ 0-1

[Event "Titled Tuesday intern op 24th Jan Late"]
[Site "Chess.com INT"]
[Date "2023.01.24"]
[Round "8"]
[White "Zhigalko, Sergei"]
[Black "Oganian, Miran"]
[Result "1-0"]
[WhiteElo "2572"]
[BlackElo "2439"]
[PlyCount "91"]
[EventDate "2023.01.24"]
[EventType "swiss (blitz)"]
[EventRounds "11"]
[EventCountry "USA"]
[SourceTitle "EXT 2024"]
[Source "ChessBase"]
[SourceDate "2023.10.10"]
[SourceVersion "1"]
[SourceVersionDate "2023.10.10"]
[SourceQuality "1"]

1. e4 e6 2. d4 d5 3. e5 c5 4. c3 Nc6 5. Nf3 Nh6 6. Na3 cxd4 7. cxd4 Nf5 8. Nc2 f6 9. Bd3 fxe5 10. dxe5 Bc5 11. Bxf5 exf5 12. 0-0 0-0 13. Be3 b6 14. Re1 f4 15. Bxc5 bxc5 16. b4 d4 17. Qd3 Qd5 18. bxc5 Bf5 19. Qd2 d3 20. Nb4 Nxb4 21. Qxb4 Bg4 22. Qb3 Bxf3 23. gxf3 Rfd8 24. Rad1 Qxb3 25. axb3 Rab8 26. Re4 Rxb3 27. Rxf4 Rd5 28. e6 Re5 29. Re4 Rxe4 30. fxe4 Kf8 31. f4 Ke7 32. f5 a5 33. Kf2 a4 34. Ke3 a3 35. Ra1 h5 36. h4 Kf6 37. c6 Rc3 38. c7 Rxc7 39. Rxa3 d2 40. Kxd2 Ke5 41. Ke3 Rc1 42. Ra5+ Kf6 43. Ra7 Ke5 44. e7 Rc8 45. Ra6 Re8 46. Re6# 1-0